000 00895nam a22002777a 4500
001 9259
003 FISKH
005 20251205135446.0
008 251205b cb ||||| |||| 00| 0 eng d
020 _a9780545003254
040 _aFISKH
_beng
_cFISKH
_dFISKH
050 _aPZ7
082 _a793
100 _aMarzollo, Jean
_eAuthor
245 _aI spy phonics fun V W /
_cRiddle by Jean Marzollo ; Photographs by Walter Wick
260 _aNew York :
_bScholastic ,
_c2007
300 _a12 unnumbered pages :
_bphotographs ;
_c19 cm
505 _aNP
520 _aCombines easy-to-read riddles with color photographs to introduce common consonant sounds and long and short vowel sounds to new readers.
521 8 _aNP
_bRaz-Plus
650 _aAlphabet
_vABC
650 _aEnglish language
_vClues
700 _aWick, Walter
_ePhotographer
942 _2ddc
_cBK
_n0
999 _c9259
_d9259